00382nam a2200145Ia 4500008004100000020001800041041000800059082001300067100002400080245004900104260004500153300001100198365001200209650001500221210719s2000 xx 000 0 und d a0 7513 1216 9 aeng a658 ESSU aESSENTIAL MANAGERS. aUnderstanding accounts. by Stephen Brookson. aLondon.bDorling Kindersley Book.,c2000 a72bPB b221cRs aManagement